Table of SinQ(theta) and Sin2Q(theta) for values of Q(theta) from 2 degrees to 87 degrees (Record no. 3507)
[ view plain ]
| 000 -LEADER | |
|---|---|
| fixed length control field | 00534nam a2200157Ia 4500 |
| 003 - CONTROL NUMBER IDENTIFIER | |
| control field | IN-BaIIA |
| 008 - FIXED-LENGTH DATA ELEMENTS--GENERAL INFORMATION | |
| fixed length control field | 211028s9999 xx 000 0 eng d |
| 040 ## - CATALOGING SOURCE | |
| Transcribing agency | IIA Library |
| 100 ## - MAIN ENTRY--PERSONAL NAME | |
| Personal name | Plettinger, Anne H |
| 9 (RLIN) | 6211 |
| 245 #0 - TITLE STATEMENT | |
| Title | Table of SinQ(theta) and Sin2Q(theta) for values of Q(theta) from 2 degrees to 87 degrees |
| Statement of responsibility, etc. | Anne H. Plettinger |
| 260 ## - PUBLICATION, DISTRIBUTION, ETC. | |
| Place of publication, distribution, etc. | New York |
| Name of publisher, distributor, etc. | Gordon and Breach Science |
| Date of publication, distribution, etc. | 1965 |
| 300 ## - PHYSICAL DESCRIPTION | |
| Extent | 45p. |
| 650 ## - SUBJECT ADDED ENTRY--TOPICAL TERM | |
| Topical term or geographic name entry element | NASA Thesaurus |
| 650 ## - SUBJECT ADDED ENTRY--TOPICAL TERM | |
| Topical term or geographic name entry element | Table-Mathematics |
| 9 (RLIN) | 6212 |
| 942 ## - ADDED ENTRY ELEMENTS (KOHA) | |
| Koha item type | Books |
| Withdrawn status | Lost status | Damaged status | Not for loan | Home library | Current library | Shelving location | Date acquired | Cost, normal purchase price | Total Checkouts | Full call number | Barcode | Date last seen | Cost, replacement price | Price effective from | Koha item type | Purchase Price |
|---|---|---|---|---|---|---|---|---|---|---|---|---|---|---|---|---|
| IIA Library-Bangalore | IIA Library-Bangalore | General Stacks | 24/06/1970 | 82.70 | (083):51/ PLE | 3906 | 05/11/2021 | 82.70 | 24/06/1970 | Books | Rs. 82.70 |